<?xml version="1.0" encoding="UTF-8"?>
<marc:record xmlns:marc="http://www.loc.gov/MARC21/slim">
   <marc:leader>00000nam a2200000 a 4500</marc:leader>
   <marc:datafield ind1="1" ind2=" " tag="100">
      <marc:subfield code="a">Kinney, Jeff</marc:subfield>
      <marc:subfield code="4">aut</marc:subfield>
      <marc:subfield code="e">Verfasser/-in</marc:subfield>
   </marc:datafield>
   <marc:datafield ind1="0" ind2="0" tag="245">
      <marc:subfield code="a">Gregs Tagebuch 20 - Bock auf Party?</marc:subfield>
   </marc:datafield>
   <marc:datafield ind1=" " ind2="1" tag="264">
      <marc:subfield code="b">Baumhaus</marc:subfield>
      <marc:subfield code="c">2025</marc:subfield>
   </marc:datafield>
   <marc:datafield ind1="1" ind2=" " tag="490">
      <marc:subfield code="a">Gregs Tagebuch</marc:subfield>
   </marc:datafield>
   <marc:datafield ind1="1" ind2=" " tag="520">
      <marc:subfield code="a">Die ultimative Geburtstags-Party - Chaos, Kuchen und jede Menge Spaß!  Greg hat Geburtstag - und will die ultimative Party schmeißen. Sorgsam geplant in typischer Greg-Manier kann das ja nur schiefgehen. Doch obwohl immer mehr Gäste eintreffen, totales Chaos entsteht und die Überraschungen nach hinten losgehen, verwandelt sich die Geburtstagssause in eine wilde Party, die in die Geschichte eingehen wird - nur nicht so, wie Greg es sich vorgestellt hatte.  Dieses Buch steckt voller witziger Katastrophen, Familien-Fiaskos und natürlich dem typischen Gregs Tagebuch-Humor, den Fans so lieben.  Ein Muss für alle, die über chaotische Geburtstage lachen können und Geschichten voller Spaß, Freundschaft und verrückter Ideen mögen.</marc:subfield>
   </marc:datafield>
   <marc:datafield ind1=" " ind2=" " tag="020">
      <marc:subfield code="a">9783833910616</marc:subfield>
      <marc:subfield code="9">9783833910616</marc:subfield>
   </marc:datafield>
</marc:record>
